| 000 | 00843nam a2200217Ia 4500 | ||
|---|---|---|---|
| 003 | OSt | ||
| 005 | 20241109103507.0 | ||
| 008 | 210210b2000 xxu||||| |||| 00| 0 eng d | ||
| 040 | _cAL | ||
| 041 | _aKannada | ||
| 082 | _aK894.9 SUMK | ||
| 100 |
_aSUMUKHANANDA (Jalavalli) _9145077 _dಸುಮುಖಾನಂದ (ಜಲವಳ್ಳಿ) |
||
| 245 |
_aKannada sahityakke dakshina kannada jilleya kraistara koduge _bಕನ್ನಡ ಸಾಹಿತ್ಯಕ್ಕೆ ದಕ್ಷಿಣ ಕನ್ನಡ ಜಿಲ್ಲೆಯ ಕ್ರೈಸ್ತರ ಕೊಡುಗೆ |
||
| 260 |
_aKinnigoli _bSumuka prakashana _c2000 |
||
| 300 | _aiv,52 | ||
| 630 |
_achristians Contribution for Kannada Literature _9183354 |
||
| 630 |
_aSouth Kanara /South Canara _9183355 |
||
| 690 |
_aKannada Criticism _9145078 |
||
| 906 | _a055594 | ||
| 942 |
_2ddc _cBK |
||
| 999 |
_c103377 _d103377 |
||